000
00326nam a22001337a 4500
008
180104b xxu||||| |||| 00| 0 eng d
020
_a
9780683083675
041
_a
eng
080
_a
617
100
_a
8
101
_a
ORT
245
_a
MYOFASCIAL PAIN AND DYSFUNCTION THE TRIGGER POINT MANUAL
_c
TRAVELL,J.G
942
_2
udc
_c
BK
999
_c
39749
_d
39749